Eating disorders in children and adolescents: A clinical handbook (Record no. 179415)

MARC details
000 -LEADER
fixed length control field 00405nam a2200145Ia 4500
008 - FIXED-LENGTH DATA ELEMENTS--GENERAL INFORMATION
fixed length control field 230917s9999||||xx |||||||||||||| ||und||
040 ## - CATALOGING SOURCE
-- 217570
Original cataloging agency VIVEKANANDA LIBRARY
041 ## - Language
-- English
082 ## - DDC NUMBER
Classification number 155.5 L526E
100 ## - MAIN ENTRY--PERSONAL NAME
Personal name Grange, Daniel Le, ed,
245 #0 - TITLE STATEMENT
Title Eating disorders in children and adolescents: A clinical handbook
260 ## - PUBLICATION, DISTRIBUTION, ETC. (IMPRINT)
Place of publication, distribution, etc New York
Name of publisher, distributor, etc Guilford Press
Date of publication, distribution, etc 2011
300 ## - PHYSICAL DESCRIPTION
Pages xv, 512 p.
942 ## - ADDED ENTRY ELEMENTS (KOHA)
Koha item type Books
Holdings
Withdrawn status Lost status Damaged status Not for loan Location (home branch) Sublocation or collection (holding branch) Date acquired Koha issues (times borrowed) Koha full call number Accession No. Koha date last seen Koha item type
        VIVEKANANDA LIBRARY VIVEKANANDA LIBRARY 20/06/2014   155.5 L526E 345527 17/09/2023 Books
© Designed and Maintained by Vivekananda Library, MDU Rohtak